000164497 001__ 164497 000164497 005__ 20251203145551.0 000164497 037__ $$aTAZ-TFG-2025-4510 000164497 041__ $$aspa 000164497 1001_ $$aBALANTA NARVAEZ, JULIO CESAR 000164497 24200 $$aDesign and manufacture of an autonomous robot for Eurobot 2025 000164497 24500 $$aDiseño y fabricación de un robot autónomo para Eurobot 2025 000164497 260__ $$aZaragoza$$bUniversidad de Zaragoza$$c2025 000164497 506__ $$aby-nc-sa$$bCreative Commons$$c3.0$$uhttp://creativecommons.org/licenses/by-nc-sa/3.0/ 000164497 520__ $$aOBJETIVO:HACER UN ROBOTPARA EUROBOT 2025, QUE TENGA AUTONOMIA PARA PODER AGARRAR OBJETOS Y DEJARLOS EN UN SITIO<br />METODOS:<br />- REALIZAR EL MARCO TEORICO Y ANTECEDENTES<br />- REALIZAR EL DISEÑO EN 3D MEDIANTE SOTWARE<br />- REALIZAR EL DISEÑO ELECTRICO Y ELECTRONICO<br />- HACER LA FABRICACIÓN<br /><br /> 000164497 521__ $$aGraduado en Ingeniería Mecatrónica 000164497 540__ $$aDerechos regulados por licencia Creative Commons 000164497 691__ $$a4 7 12 000164497 692__ $$aES UN ROBOT HECHO CON MATERIABLES RECICLABLES, Y NO CONTAMINA Y AYUDA BASTANTE EN EL APRENDIZAJE AL FABRICARLO 000164497 700__ $$aESTEBAN ESCAÑO, JAVIER$$edir. 000164497 7102_ $$aUniversidad de Zaragoza$$b $$c 000164497 8560_ $$f835534@celes.unizar.es 000164497 8564_ $$s6835675$$uhttps://zaguan.unizar.es/record/164497/files/TAZ-TFG-2025-4510.pdf$$yMemoria (spa) 000164497 8564_ $$s8893424$$uhttps://zaguan.unizar.es/record/164497/files/TAZ-TFG-2025-4510_ANE.pdf$$yAnexos (spa) 000164497 909CO $$ooai:zaguan.unizar.es:164497$$pdriver$$ptrabajos-fin-grado 000164497 950__ $$a 000164497 951__ $$adeposita:2025-12-03 000164497 980__ $$aTAZ$$bTFG$$cALM 000164497 999__ $$a20250917141332.CREATION_DATE